000 00300nam a2200133 i 4500
001 bg
100 1 _aRODA, Alexal A.
245 0 _aDas Wasser in Boden /
_cAlexal A. Roda.
260 _aBerlin,
_c1959.
040 _cBPK
041 _apol
942 _cKS
008 s pl f |000 0 pol
999 _c16527
_d16527
856 _uhttp://koha.tu.koszalin.pl/cgi-bin/koha/opac-detail.pl?biblionumber=16527
_yKatalog online BPK